Only 20 Countries on the World Map #1 - Statistics

General Stats
  • This quiz has been taken 6,470 times
  • The average score is 17 of 20
Answers on the Map
Answers color-coded by a green-red scale on the quiz's map according to % correct below.
 
Answer Stats
Country % Correct
Brazil
99%
China
99%
France
98%
Ireland
94%
Vietnam
94%
Netherlands
92%
South Korea
91%
Taiwan
90%
Estonia
89%
Ethiopia
88%
Malaysia
88%
Mali
88%
Czech Republic
86%
Oman
84%
Tanzania
82%
Ghana
80%
Botswana
78%
Guatemala
78%
Tajikistan
76%
Guinea
73%
No matching quizzes found
Score Distribution
Percent of People with Each Score
Percentile by Number Answered
Your Score History
You have not taken this quiz